000 00788nas a2200265 i 4500
001 1442
003 ES-MaACL
005 20250802062529.0
007 t|
008 950801c1932 xxk | | 1 ||ng d
080 _a82
245 0 0 _aMedium aevum.
260 _aOxford :
_bSociety for the Study of Mediaeval Languages and Literature,
_c1932- (
_fBasil-Blackwell)
300 _a3 v. ;
_c25 cm.
310 _aSemestral
321 _aAnual,
_b1932-52
362 0 _aV. I (1932)-
650 1 4 _aLingüística. Filología.
_914477
650 7 _aLiteratura
_2embne
_9141583
700 1 _aOnions, C.T.
_987085
710 2 _aSociety for the Study of Mediaeval Languages and Literature (
_cOxford,
_eed.
_9134924
852 _aES-MaACL
_jHem-903
866 0 _o1950-59.
999 _c1442
_d1442